Normal view
MARC view
- Govt of Punjab Rwp
Entry Corporate Name
001 - CONTROL NUMBER
- control field: 42650
003 - CONTROL NUMBER IDENTIFIER
- control field: NUST
005 - DATE AND TIME OF LATEST TRANSACTION
- control field: 20210314132355.0
008 - FIXED-LENGTH DATA ELEMENTS
- fixed length control field: 210314|| aca||aabn | a|a d
040 ## - CATALOGING SOURCE
- Original cataloging agency: NUST
- Transcribing agency: NUST
110 ## - HEADING--CORPORATE NAME
- Corporate name or jurisdiction name as entry element: Govt of Punjab Rwp
670 ## - SOURCE DATA FOUND
- Source citation: Work cat.: (NUST): Govt of Punjab Rwp, Rasul manual no.8 for subordinate engieers earthwork /, c1955.
